[Event "Chesterfield SPICE Cup op"]
[Site "Chesterfield"]
[Date "2023.12.18"]
[Round "2"]
[White "Wang, Isaac"]
[Black "Posthuma, Joshua G"]
[Result "1/2-1/2"]
[WhiteElo "2333"]
[BlackElo "2449"]
[PlyCount "57"]
[EventDate "2023.12.17"]
[EventType "swiss"]
[EventRounds "9"]
[EventCountry "USA"]
[SourceTitle "CBM 217 Extra"]
[Source "ChessBase"]
[SourceDate "2024.01.31"]
[SourceVersion "1"]
[SourceVersionDate "2024.01.31"]
[SourceQuality "1"]

1. d4 Nf6 2. c4 e6 3. Nf3 d5 4. Nc3 Ne4 5. e3 c6 6. Bd3 f5 7. Ne5 Qh4 8. 0-0 Nd7 9. f4 Be7 10. Nxe4 dxe4 11. Be2 0-0 12. Bd2 Nxe5 13. dxe5 Rd8 14. Qe1 Qxe1 15. Bxe1 a5 16. Bc3 b6 17. Rfd1 Ba6 18. Kf2 Kf7 19. Bd4 c5 20. Bc3 g5 21. a4 Kg6 22. b3 h5 23. Rxd8 Rxd8 24. Rd1 gxf4 25. exf4 Rxd1 26. Bxd1 Bb7 27. Ke3 Bc6 28. Be1 h4 29. h3 1/2-1/2

[Event "Charlotte CCCSA Fall IM-C"]
[Site "Charlotte"]
[Date "2023.11.20"]
[Round "7"]
[White "Song, Ethan"]
[Black "Wang, Isaac"]
[Result "1/2-1/2"]
[WhiteElo "2176"]
[BlackElo "2377"]
[PlyCount "74"]
[EventDate "2023.11.17"]
[EventType "tourn"]
[EventRounds "9"]
[EventCountry "USA"]
[SourceTitle "CBM 217 Extra"]
[Source "ChessBase"]
[SourceDate "2024.01.31"]
[SourceVersion "1"]
[SourceVersionDate "2024.01.31"]
[SourceQuality "1"]

1. e4 c5 2. Nf3 e6 3. d4 cxd4 4. Nxd4 a6 5. Bd3 Qc7 6. 0-0 Nf6 7. Qe2 d6 8. Nc3 Be7 9. f4 Nbd7 10. Kh1 h5 11. Be3 Nc5 12. Nb3 Nxd3 13. cxd3 b5 14. Rac1 Qd8 15. f5 Bb7 16. Bg5 h4 17. fxe6 fxe6 18. Nd4 Qd7 19. Rf3 Ng4 20. Bxe7 Qxe7 21. h3 Ne5 22. Rff1 Rf8 23. Nf3 Nxf3 24. Rxf3 Kd7 25. Rxf8 Rxf8 26. Qe3 Ke8 27. Qb6 Rf7 28. Qa7 g6 29. Qd4 e5 30. Qe3 g5 31. Kh2 Qf6 32. Ne2 Kf8 33. Qb6 Qe7 34. Qe3 Qf6 35. Qb6 Qe7 36. Qe3 Qf6 37. Qb6 Qe7 1/2-1/2

[Event "Charlotte CCCSA Fall IM-C"]
[Site "Charlotte"]
[Date "2023.11.19"]
[Round "5"]
[White "Graif, William"]
[Black "Wang, Isaac"]
[Result "1/2-1/2"]
[WhiteElo "2289"]
[BlackElo "2377"]
[PlyCount "59"]
[EventDate "2023.11.17"]
[EventType "tourn"]
[EventRounds "9"]
[EventCountry "USA"]
[SourceTitle "CBM 217 Extra"]
[Source "ChessBase"]
[SourceDate "2024.01.31"]
[SourceVersion "1"]
[SourceVersionDate "2024.01.31"]
[SourceQuality "1"]

1. e4 c5 2. c3 Nf6 3. e5 Nd5 4. d4 cxd4 5. Nf3 Nc6 6. Bc4 Nb6 7. Bb3 d6 8. exd6 Qxd6 9. 0-0 Bf5 10. Nxd4 Nxd4 11. cxd4 e6 12. Nc3 Be7 13. Qf3 0-0 14. d5 Qd7 15. Bf4 exd5 16. Nxd5 Nxd5 17. Bxd5 Bg4 18. Qb3 Be6 19. Rad1 Bxd5 20. Rxd5 Qc6 21. Rc1 Qf6 22. g3 b6 23. Rc7 Bc5 24. Rdd7 a5 25. Qc3 Qf5 26. Qd3 Qe6 27. Be3 Bxe3 28. Qxe3 Qxa2 29. Qxb6 Qb1+ 30. Kg2 1/2-1/2